Bases psicológicas de la educación
Zapisane w:
| Główni autorzy: | , |
|---|---|
| Format: | Książka |
| Język: | hiszpański |
| Wydane: |
Ciudad de México
Trillas
1970
|
| Hasła przedmiotowe: | |
| Etykiety: |
Dodaj etykietę
Nie ma etykietki, Dołącz pierwszą etykiete!
|
MARC
| LEADER | 00000cam a2200000 a 4500 | ||
|---|---|---|---|
| 001 | UCZ0579 | ||
| 003 | CL-VaPUC | ||
| 008 | 950728e19700000MX |||||||||||||||||spa|d | ||
| 082 | 0 | 4 | |a 370.15 |b BIG |2 21 |
| 100 | 0 | |a Bigge, Morris L |e author |9 343559 | |
| 700 | 0 | |a Hunt, M. P |e author |9 343560 | |
| 245 | 1 | 0 | |a Bases psicológicas de la educación |
| 300 | |a 735 p | ||
| 942 | |c BK | ||
| 945 | |d 19950728 00:00:00 |a lriquelm | ||
| 260 | |a Ciudad de México |b Trillas |c 1970 | ||
| 650 | 0 | |a Psicología educacional |9 307830 | |
| 650 | 0 | |a Desarrollo individual |9 307875 | |
| 650 | 0 | |a Personalidad |9 307255 | |
| 650 | 0 | |a Aprendizaje |9 254827 | |
| 650 | 0 | |a Procesos de aprendizaje |9 309161 | |
| 650 | 7 | |a RELACION DOCENTE ALUMNO |2 CL-VaPUC |9 307734 | |
| 650 | 0 | |a Psicología del desarrollo |9 307541 | |
| 650 | 0 | |a Naturaleza humana |9 308593 | |
| 583 | |a last modification |c 20160505 09:36:33 |k Rodrigo Vera | ||
| 999 | |c 237496 |d 237494 | ||
| 952 | |0 0 |1 0 |4 0 |6 370_150000000000000_BIG_1970 |7 0 |8 P |9 246678 |a BIBEDU |b BIBEDU |c BIBEDU_PB |d 2019-11-18 |i 1548026 |o 370.15 BIG 1970 |p 1548026 |r 2024-01-25 |w 2019-11-18 |y BK |k EDU | ||
| 952 | |0 0 |1 0 |4 0 |6 370_150000000000000_BIG_1970 |7 0 |8 P |9 246679 |a BIBEDU |b BIBEDU |c BIBEDU_PB |d 2019-11-18 |i 1548042 |o 370.15 BIG 1970 |p 1548042 |r 2024-01-25 |w 2019-11-18 |y BK |k EDU | ||
| 952 | |0 0 |1 0 |4 0 |6 370_150000000000000_BIG_1970 |7 0 |8 P |9 246680 |a BIBEDU |b BIBEDU |c BIBEDU_PB |d 2019-11-18 |i 1548034 |o 370.15 BIG 1970 |p 1548034 |r 2024-01-25 |w 2019-11-18 |y BK |k EDU | ||
| 952 | |0 0 |1 0 |4 0 |6 370_150000000000000_BIG_1970 |7 0 |8 P |9 246681 |a BIBEDU |b BIBEDU |c BIBEDU_PB |d 2019-11-18 |i 1548018 |o 370.15 BIG 1970 |p 1548018 |r 2024-01-25 |w 2019-11-18 |y BK |k EDU | ||
| 952 | |0 0 |1 0 |3 erd |4 0 |6 370_150000000000000_BIG_1970 |7 0 |8 P |9 246682 |a BIBEDU |b BIBEDU |c BIBEDU_PB |e Villagrán Garnham, Jorge |i 5300967 |o 370.15 BIG 1970 |p 5300967 |r 2024-01-25 |w 2019-11-18 |y BK |z Catalogado en:20160428 |k EPE | ||